Introduction to Applied Statistics, (Record no. 610030)

000 -LEADER
fixed length control field 00403nam a22001337a 4500
020 ## - INTERNATIONAL STANDARD BOOK NUMBER
International Standard Book Number 9788173199769
040 ## - CATALOGING SOURCE
Transcribing agency Nust
082 ## - DEWEY DECIMAL CLASSIFICATION NUMBER
Classification number 519.5
Author Mark HAN
100 ## - MAIN ENTRY--PERSONAL NAME
Personal name Hanagal, .D David
9 (RLIN) 124066
245 ## - TITLE STATEMENT
Title Introduction to Applied Statistics,
Remainder of title A Non-Calculus Based Approach
260 ## - PUBLICATION, DISTRIBUTION, ETC.
Place of publication, distribution, etc. New Delhi:
Name of publisher, distributor, etc. Narosa Publishing House,
Date of publication, distribution, etc. 2009.
650 ## - SUBJECT ADDED ENTRY--TOPICAL TERM
Topical term or geographic name entry element Introduction to Applied Statistics
9 (RLIN) 124067
942 ## - ADDED ENTRY ELEMENTS (KOHA)
Source of classification or shelving scheme
Koha item type Book
Holdings
Withdrawn status Lost status Source of classification or shelving scheme Damaged status Not for loan Permanent Location Current Location Shelving location Date acquired Total Checkouts Full call number Barcode Date last seen Price effective from Koha item type
          College of Electrical & Mechanical Engineering (CEME) College of Electrical & Mechanical Engineering (CEME) General Stacks 07/04/2024   519.5 HAN CEME- 45492 07/04/2024 07/04/2024 Book
© 2023 Central Library, National University of Sciences and Technology. All Rights Reserved.